As perspectivas da mineração no Brasil. (Record no. 28617)

MARC details
000 -LEADER
fixed length control field 00767cam a22002291 4500
001 - CONTROL NUMBER
control field gs 52000062
003 - CONTROL NUMBER IDENTIFIER
control field DLC
005 - DATE AND TIME OF LATEST TRANSACTION
control field 20260227111358.0
008 - FIXED-LENGTH DATA ELEMENTS--GENERAL INFORMATION
fixed length control field 911203s1950 bl bf 000 0 por c
010 ## - LIBRARY OF CONGRESS CONTROL NUMBER
LC control number gs 52000062
035 ## - SYSTEM CONTROL NUMBER
System control number (OCoLC)24880762
040 ## - CATALOGING SOURCE
Original cataloging agency U.S. Geol. Survey. Libr.
Transcribing agency TxU
Modifying agency TxU
-- DLC
042 ## - AUTHENTICATION CODE
Authentication code premarc
050 00 - LIBRARY OF CONGRESS CALL NUMBER
Classification number TN41
Item number .A3 no. 86
100 1# - MAIN ENTRY--PERSONAL NAME
Personal name Pinto, Mario da Silva,
Dates associated with a name 1907-
245 03 - TITLE STATEMENT
Title As perspectivas da mineração no Brasil.
260 ## - PUBLICATION, DISTRIBUTION, ETC.
Place of publication, distribution, etc. Rio de Janeiro,
Date of publication, distribution, etc. 1950.
300 ## - PHYSICAL DESCRIPTION
Extent 40 p.
Other physical details maps (part fold.) plates.
Dimensions 23 cm.
490 1# - SERIES STATEMENT
Series statement Divisão de Fomento da Produção Mineral. Boletim
Volume/sequential designation no. 86
650 #0 - SUBJECT ADDED ENTRY--TOPICAL TERM
Topical term or geographic name entry element Mines and mineral resources
Geographic subdivision Brazil.
830 #0 - SERIES ADDED ENTRY--UNIFORM TITLE
Uniform title Boletim (Brazil. Divisão de Fomento da Produção Mineral) ;
Volume/sequential designation no. 86.

No items available.

Powered by Koha